East Midlands Railway stations - Statistics

General Stats
  • This quiz has been taken 161 times
    101 since last reset
  • The average score is 70 of 139
Answer Stats
Answer % Correct
Nottingham
98%
Derby
92%
Peterborough
92%
Kettering
88%
Sheffield
88%
Grantham
86%
Leicester
86%
Lincoln
86%
Oakham
86%
Bedford
84%
Corby
84%
Grimsby Town
84%
London St Pancras International
84%
Crewe
82%
Ely
82%
Luton
82%
Luton Airport Parkway
82%
Newark Northgate
80%
Loughborough
76%
Wellingborough
76%
Chesterfield
73%
Cleethorpes
73%
Doncaster
73%
Mansfield
73%
Norwich
73%
Skegness
73%
Long Eaton
71%
March
71%
Newark Castle
71%
Barton-on-Humber
69%
Beeston
69%
East Midlands Parkway
67%
Market Harborough
67%
Melton Mowbray
67%
Stamford
67%
Worksop
67%
Matlock
65%
Dore & Totley
63%
Sleaford
63%
Spalding
63%
Stoke-on-Trent
63%
Thetford
63%
Uttoxeter
63%
Liverpool Lime Street
61%
Manchester Piccadilly
61%
Syston
61%
Boston
59%
Matlock Bath
59%
Kidsgrove
57%
Mansfield Woodhouse
57%
Alsager
55%
Barrow-upon-Soar
55%
Manchester Oxford Road
55%
Stockport
55%
Alfreton
53%
Belper
53%
Gainsborough Lea Road
53%
Attenborough
51%
Sileby
51%
Warrington Central
51%
Dronfield
49%
Hope
49%
Liverpool South Parkway
49%
Spondon
49%
Wymondham
49%
Attleborough
47%
Hucknall
47%
Kirkby-in-Ashfield
47%
Longport
47%
Whittlesea
47%
Widnes
47%
Bottesford
45%
Duffield
45%
Grimsby Docks
45%
Market Rasen
45%
Habrough
43%
New Clee
43%
Aslockton
41%
Brandon
41%
Elton & Orston
41%
Ilkeston
41%
Wainfleet
41%
Bamford
39%
Blythe Bridge
39%
Bulwell
39%
Carlton
39%
Cromford
39%
Eccles Road
39%
Grindleford
39%
Longton
39%
Peartree
39%
Sutton Parkway
39%
Ambergate
37%
Hathersage
37%
New Holland
37%
Radcliffe
37%
Tutbury & Hatton
37%
Whatstandwell
37%
Bingham
35%
Fiskerton
35%
Harling Road
35%
Hunts Cross
35%
Hykeham
35%
Langley Mill
35%
Langwith-Whaley Thorns
35%
Metheringham
35%
Burton Joyce
33%
Thorpe Culvert
33%
Ulceby
33%
Barnetby
31%
Barrow Haven
31%
Edale
31%
Havenhouse
31%
Hubberts Bridge
31%
Birchwood
29%
Chinley
29%
Goxhill
29%
Heckington
29%
Netherfield
29%
Rauceby
29%
Rolleston
29%
Saxilby
29%
Swinderby
29%
Ancaster
27%
Creswell
27%
Lowdham
27%
Ruskington
27%
Stallingborough
27%
Thornton Abbey
27%
Whitwell
27%
Collingham
24%
Newstead
24%
Hazel Grove
22%
Shirebrook
22%
Swineshead
22%
Thurgarton
20%
Bleasby
18%
Great Coates
18%
Healing
16%
No matching quizzes found
Score Distribution
Percent of People with Each Score
Percentile by Number Answered
Your Score History
You have not taken this quiz since the last reset